Groupes de musique par image - Statistiques

Statistiques générales
  • Ce quiz a été pris 140 fois
  • Le résultat moyen est 8 sur 20
Statistiques - réponses
Par images Réponse % Correct
Europe
81%
Red Hot Chili Peppers
80%
The Police
78%
Eagles
67%
Kiss
67%
Arctic Monkeys
60%
Oasis
57%
Whitesnake
54%
Alice In Chains
53%
Smashing Pumpkins
48%
Cranberries
45%
Sex Pistols
32%
The Beatles
29%
Pantera
25%
Nine Inch Nails
24%
Slipknot
14%
Chemical Brothers
12%
Dead Kennedys
8%
Suicidal tendencies
8%
Velvet Underground
2%
Aucun quiz correspondant
Distribution des résultats
% des personnes avec chaque résultat
Percentile par nombre de réponses
Votre historique - résultats
Vous n’avez pas pris ce quiz